Náklady na založenie spoločnosti

Účtovanie zriaďovacích nákladov do 1.3.2009 a po ňom.

Na minha lista:
Detalhes bibliográficos
Autor principal: Pakšiová, Renáta, 1974-
Formato: Capítulo de Livro
Idioma:eslovaco
Assuntos:
Tags: Adicionar Tag
Sem tags, seja o primeiro a adicionar uma tag!

MARC

LEADER 00000naa a2200000 4500
001 0148601
005 20240502072655.1
041 0 |a slo 
044 |a SK 
245 1 0 |a Náklady na založenie spoločnosti  |c Renáta Pakšiová 
520 |a Účtovanie zriaďovacích nákladov do 1.3.2009 a po ňom. 
610 2 0 |a založenie podniku 
610 2 0 |a náklady zriaďovacie 
610 2 0 |a účtovanie nákladov 
100 1 |a Pakšiová, Renáta, 1974-